Late stages of stellar evolution (Record no. 9146)
[ view plain ]
| 000 -LEADER | |
|---|---|
| fixed length control field | 00937nam a2200229Ia 4500 |
| 003 - CONTROL NUMBER IDENTIFIER | |
| control field | IN-BaIIA |
| 008 - FIXED-LENGTH DATA ELEMENTS--GENERAL INFORMATION | |
| fixed length control field | 211028s9999 xx 000 0 eng d |
| 020 ## - INTERNATIONAL STANDARD BOOK NUMBER | |
| International Standard Book Number | 90-277-2446-6 |
| 040 ## - CATALOGING SOURCE | |
| Transcribing agency | IIA Library |
| 080 ## - UNIVERSAL DECIMAL CLASSIFICATION NUMBER | |
| Universal Decimal Classification number | 52(082.1) |
| Item number | ASS-132 |
| 111 ## - MAIN ENTRY--MEETING NAME | |
| Meeting name or jurisdiction name as entry element | Workshop on Late Stages of Stellar Evolution |
| Location of meeting | Galgary, Canada |
| Date of meeting or treaty signing | 1986 June 2-5 |
| 9 (RLIN) | 15358 |
| 245 #0 - TITLE STATEMENT | |
| Title | Late stages of stellar evolution |
| Remainder of title | proceedings of the workshop on late stages of stellar evolution, held in Galgary, Canada, 2-5 June, 1986 |
| Statement of responsibility, etc. | edited by S. Kwok and S. R. Pottasch |
| 260 ## - PUBLICATION, DISTRIBUTION, ETC. | |
| Place of publication, distribution, etc. | Dordrecht |
| Name of publisher, distributor, etc. | D. Reidel Publishing |
| Date of publication, distribution, etc. | 1987 |
| 300 ## - PHYSICAL DESCRIPTION | |
| Extent | xviii, 426p. |
| 490 ## - SERIES STATEMENT | |
| Series statement | Astrophysics and space science library; v. 132 |
| 650 ## - SUBJECT ADDED ENTRY--TOPICAL TERM | |
| Topical term or geographic name entry element | Astronomy and Astrophysics Thesaurus |
| 650 ## - SUBJECT ADDED ENTRY--TOPICAL TERM | |
| Topical term or geographic name entry element | Stellar evolution |
| 650 ## - SUBJECT ADDED ENTRY--TOPICAL TERM | |
| Topical term or geographic name entry element | Stellar interior |
| 9 (RLIN) | 12840 |
| 700 ## - ADDED ENTRY--PERSONAL NAME | |
| Personal name | Kwok, S., ed. |
| 9 (RLIN) | 15359 |
| 700 ## - ADDED ENTRY--PERSONAL NAME | |
| Personal name | Pottasch, S. R., e |
| 9 (RLIN) | 15360 |
| 942 ## - ADDED ENTRY ELEMENTS (KOHA) | |
| Koha item type | Books |
| Withdrawn status | Lost status | Damaged status | Not for loan | Home library | Current library | Shelving location | Date acquired | Cost, normal purchase price | Total Checkouts | Full call number | Barcode | Date last seen | Cost, replacement price | Price effective from | Koha item type | Purchase Price |
|---|---|---|---|---|---|---|---|---|---|---|---|---|---|---|---|---|
| IIA Library-Bangalore | IIA Library-Bangalore | General Stacks | 1206.00 | 52(082.1)/ ASS-132 | 10049 | 05/11/2021 | 1206.00 | Books | Rs. 1206 |